| 000 | 00581nam a2200193Ia 4500 | ||
|---|---|---|---|
| 003 | GCL | ||
| 008 | 140319s9999 xx 000 0 ara d | ||
| 040 |
_aGCL / _cGCL |
||
| 082 | 0 | 4 |
_a823.03 _bهـ ط |
| 100 | 1 | _aالسعيد محمد بدوى | |
| 245 | 1 | 0 |
_aالطريق الى غانا / _cالسعيد محمد بدوى |
| 700 | 1 | _aمحمد انيس (مراجع) | |
| 700 | 1 | _aهتشنسى, الفريد | |
| 300 | _a312 ص | ||
| 490 |
_aالالف كتاب _v0 |
||
| 650 | 0 | 4 | _aالقصص الانجليزية |
| 650 | 0 | 4 | _aالادب الانجليزى |
| 942 |
_2ddc _cBK |
||
| 999 |
_c44823 _d44823 |
||